| 000 | 01077cam a2200337 a 4500 | ||
|---|---|---|---|
| 001 | 17476084 | ||
| 003 | OSt | ||
| 005 | 20230112153555.0 | ||
| 008 | 120925s2014 maua b 001 0 eng | ||
| 010 | _a 2012039132 | ||
| 020 | _a9780763795337 | ||
| 020 | _a1449683797 (hard cover) | ||
| 035 | _a(DNLM)101592801 | ||
| 040 |
_aDNLM/DLC _cDLC _dDLC |
||
| 042 | _apcc | ||
| 050 | 0 | 0 |
_aRA643 _b.I54 2014 |
| 060 | 1 | 0 | _aWC 100 |
| 082 | 0 | 0 |
_a614.5 _223 |
| 245 | 0 | 0 |
_aInfectious disease epidemiology : _btheory and practice / _cedited by Kenrad E. Nelson,& Carolyn Masters Williams. |
| 250 | _a3rd ed. | ||
| 260 |
_aBurlington, Mass. : _bJones & Bartlett Learning, _c2014. |
||
| 300 | _axviii, 963 p. : | ||
| 504 | _aIncludes bibliographical references and index. | ||
| 650 | 0 |
_aCommunicable diseases _xEpidemiology. |
|
| 650 | 1 | 2 |
_aCommunicable Diseases _xepidemiology. |
| 650 | 2 | 2 | _aDisease Outbreaks. |
| 650 | 2 | 2 | _aEpidemiologic Methods. |
| 906 |
_a7 _bcbc _corignew _d1 _eecip _f20 _gy-gencatlg |
||
| 942 |
_2lcc _cBK |
||
| 999 |
_c19833 _d19832 |
||